True bugs of Central India/ (Record no. 195776)
[ view plain ]
| 000 -LEADER | |
|---|---|
| fixed length control field | 00612nam a22001937a 4500 |
| 005 - DATE AND TIME OF LATEST TRANSACTION | |
| control field | 20230420161033.0 |
| 010 ## - LCCN (DPL NO) | |
| LC control number | ENG-136734 |
| 020 ## - INTERNATIONAL STANDARD BOOK NUMBER | |
| Terms of availability | 550.00 |
| International Standard Book Number | 9788181715586 |
| 035 ## - SYSTEM CONTROL NUMBER | |
| System control number | EN-120266 |
| 037 ## - SOURCE OF ACQUISITION | |
| Source of stock number/acquisition | DBAD/PUB |
| 082 ## - DEWEY DECIMAL CLASSIFICATION NUMBER | |
| Classification number | 595.754095421 |
| 100 ## - MAIN ENTRY--PERSONAL NAME | |
| Personal name | Chandra,Kailash |
| 245 00 - TITLE STATEMENT | |
| Title | True bugs of Central India/ |
| Statement of responsibility, etc | Kailash Chandra, Sandeep Kushwaha and E. Eyarin Jehamalar |
| 260 ## - PUBLICATION, DISTRIBUTION, ETC. (IMPRINT) | |
| Place of publication, distribution, etc | Kolkata |
| Name of publisher, distributor, etc | Zoological Survey Of India |
| Date of publication, distribution, etc | 2018 |
| 270 ## - ADDRESS | |
| City | Kolkata |
| Address | M- Block, New Alipore |
| Postal code | 700006 |
| 300 ## - PHYSICAL DESCRIPTION | |
| Extent | 403p.; |
| Dimensions | 24cm(pbk) |
| 500 ## - GENERAL NOTE | |
| General note | Includes index |
| 942 ## - ADDED ENTRY ELEMENTS (KOHA) | |
| Source of classification or shelving scheme | Dewey Decimal Classification |
| Item type | English Books |
| Call number suffix | CHA |
| Classification part | 595.754095421 |
| Withdrawn status | Lost status | Not for loan | Collection code | Home library | Current library | Date acquired | Source of acquisition | Cost, normal purchase price | Full call number | Barcode | Copy number | Cost, replacement price | Koha item type |
|---|---|---|---|---|---|---|---|---|---|---|---|---|---|
| Non-fiction | Shahdara Branch | Shahdara Branch | 20/04/2023 | DBAD/PUB | 550.00 | 595.754095421 CHA | EN-120266 | 1 | 550.00 | English Books |
